000 01395cam a2200361 a 4500
001 14105433
003 OSt
005 20230623082049.0
008 050912s1992 onc d f000 0 eng d
010 _a 2005432395
020 _a0662590635
035 _a(OCoLC)ocm27479979
040 _aGZP
_cGZP
_dOCLCQ
_dDLC
041 0 _aeng
_afre
042 _alccopycat
043 _an-cn---
050 0 0 _a
_b
082 _a328.7105
_bCHC
110 1 _aCanada.
_bParliament.
_bHouse of Commons.
245 1 2 _aA glossary of parliamentary procedure /
_cHouse of Commons, Canada.
246 1 5 _aVocabulaire de procédure parlementaire / Chambre des communes, Canada
260 _a[Ottawa] :
_bClerk of the House of Commons = Greffier de la Chambre des communes,
_cc1992.
300 _aiii, 42, 47, iii p. ;
_c28 cm.
500 _aCat. no. X9-18/1992.
546 _aEnglish and French texts bound together back-to-back and inverted.
610 1 0 _aCanada.
_bParliament.
_bHouse of Commons
_vRules and practice
_vDictionaries.
650 0 _aParliamentary practice
_zCanada
_vDictionaries.
650 0 _aEnglish language
_vDictionaries
_xFrench.
650 0 _aFrench language
_vDictionaries
_xEnglish.
906 _a7
_bcbc
_ccopycat
_d3
_encip
_f20
_gy-gencatlg
942 _2ddc
_cBK
999 _c2383
_d2383